A handbook of strategic planning. (Record no. 4669)
[ view plain ]
| 000 -LEADER | |
|---|---|
| fixed length control field | 01058nac a22002531u 4500 |
| 010 ## - LIBRARY OF CONGRESS CONTROL NUMBER | |
| LC control number | 73165479 |
| 020 ## - INTERNATIONAL STANDARD BOOK NUMBER | |
| International Standard Book Number | 0582445876 |
| 082 00 - DEWEY DECIMAL CLASSIFICATION NUMBER | |
| Classification number | 658.401 |
| Item number | T2381 |
| 090 ## - LOCALLY ASSIGNED LC-TYPE CALL NUMBER (OCLC); LOCAL CALL NUMBER (OCLC) | |
| -- | 4669 |
| -- | 4669 |
| 100 ## - MAIN ENTRY--PERSONAL NAME | |
| Personal name | Taylor, Bernard, |
| 245 12 - TITLE STATEMENT | |
| Title | A handbook of strategic planning. |
| Statement of responsibility, etc | Edited by Bernard Taylor and Kevin Hawkins. |
| 260 ## - PUBLICATION, DISTRIBUTION, ETC. (IMPRINT) | |
| Place of publication, distribution, etc | [London] |
| Name of publisher, distributor, etc | Longmanc.[1972] |
| Date of publication, distribution, etc | c.[1972] |
| 300 ## - PHYSICAL DESCRIPTION | |
| Extent | xxii, 456 p. |
| Dimensions | 24 cm. |
| 490 0# - Series Statement | |
| Series statement | Business strategy & planning |
| 500 ## - GENERAL NOTE | |
| General note | Based on papers presented to University of Bradford Management Centre conferences and seminars ... 1967-70, ... supplemented with articles reprinted from various journals." |
| 504 ## - BIBLIOGRAPHY, ETC. NOTE | |
| Bibliography, etc | Includes bibliographical references. |
| 650 #0 - SUBJECT ADDED ENTRY--TOPICAL TERM | |
| Topical term or geographic name as entry element | Strategic planning. |
| 650 #0 - SUBJECT ADDED ENTRY--TOPICAL TERM | |
| Topical term or geographic name as entry element | Corporations. |
| 650 #0 - SUBJECT ADDED ENTRY--TOPICAL TERM | |
| Topical term or geographic name as entry element | Planning. |
| 700 1# - ADDED ENTRY--PERSONAL NAME | |
| Personal name | Hawkins, Kevin H., |
| 710 2# - ADDED ENTRY--CORPORATE NAME | |
| Corporate name or jurisdiction name as entry element | University of Bradford. |
| Subordinate unit | Management Centre. |
| 942 ## - ADDED ENTRY ELEMENTS (KOHA) | |
| Item type | Book - Borrowing |
| Call number prefix | 658.401T2381 |
| Withdrawn status | Item status | Damaged status | Not for loan | Home library | Current library | Shelving location | Date acquired | Source of acquisition | Total Checkouts | Full call number | Barcode | Date last seen | Date last borrowed | Koha item type |
|---|---|---|---|---|---|---|---|---|---|---|---|---|---|---|
| Central Library | Central Library | First floor | 07/09/2013 | Purchase | 2 | 658.401 TAY | 000005643 | 15/07/2025 | 06/12/2016 | Book - Borrowing |